000 00712nam a2200217 a 4500
001 4128
005 20140414131956.0
008 090209s19uu xx 00 eng d
020 _a0-7368-0396-3
050 _aTR 531.3
_bSc1 2000
100 _aSchaefer, Lola M.
245 _aPush and pull /
_cby Lola M. Schaefer.
260 _aMankato, Minnesota :
_bCapstone Press,
_cc2000.
300 _a24 p. : col., ill. cm.
440 _aThe way things move
500 _aIncludes bibliographical references and index.
520 _aSimple text and photographs illustrate push and pull movement
650 _aMechanics
_xJuvenile literature.
650 _aForce and energy
_xJuvenile literature.
999 _c112918
_d112918